| 000 | 00000nam##2200000za#4500 |
| 001 | 9.642182 |
| 003 | CaOODSP |
| 005 | 20210624223558 |
| 007 | cr ||||||||||| |
| 008 | 150407|1979||||xxc|||||o f|0| 0 fre|d |
| 040 | |aCaOODSP|bfre |
| 043 | |an-cn--- |
| 086 | 1 |aA53-1280/1979F-PDF |
| 110 | 1 |aCanada.|bAgriculture Canada. |bDirection générale de recherche. |
| 245 | 13|aLa culture du sureau dans l'est du Canada / |h[ressource électronique]|c[par] D.L. Craig, Station de recherches, Kentville (Nouvelle-Écosse). |
| 250 | |aRévision |
| 260 | |aOttawa - Ontario : |bAgriculture Canada. |c1970, révision 1979. |
| 300 | |a8p.|bill., tableau |
| 500 | |aPublication historique numérisée par Agriculture et Agroalimentaire Canada. |
| 590 | |a13-17-Supp|b2013-07-25 |
| 691 | 07|aCultures fruitières|2gcpds |
| 691 | 07|aExploitation agricole|2gcpds |
| 691 | 07|aProduit agro-alimentaire|2gcpds |
| 775 | 08|tElderberry culture in Eastern Canada / |w(CaOODSP)9.697441 |
| 856 | 40|ahttp://publications.gc.ca|qPDF|s414 Ko|uhttps://publications.gc.ca/collections/collection_2013/aac-aafc/agrhist/A53-1280-1979-fra.pdf |
| 986 | |a1280 |